|
|
|
|
| LEADER |
00000cam a2200000 7i4500 |
| 001 |
0000123829 |
| 005 |
20081020.0 |
| 020 |
|
|
|a 0714845043
|
| 090 |
0 |
0 |
|a 709.2
|b DOI
|
| 100 |
1 |
|
|a Doig, Peter
|
| 245 |
1 |
0 |
|a Peter Doig
|c Peter Doig ; Adrian Searle, Kitty Scott, Catherine Grenier
|
| 260 |
|
|
|a London :
|b Phaidon Press Ltd. ,
|c 2007
|
| 300 |
|
|
|a 158p. :
|b ill. ;
|c 29cm.
|
| 490 |
0 |
|
|a Contemporary artists
|
| 600 |
0 |
0 |
|a Doig, Peter ,
|d 1959-
|
| 700 |
1 |
|
|a Grenier, Catherine
|
| 700 |
1 |
|
|a Scott, Kitty
|
| 700 |
1 |
|
|a Searle, Adrian
|
| 999 |
|
|
|a 00220038
|b BUKU
|c RUJUKAN
|e PERPUSTAKAAN KOMUNITI PETALING JAYA
|